Social psychology (Record no. 29609)

MARC details
000 -LEADER
fixed length control field 00292nam a2200121Ia 4500
082 ## - DEWEY DECIMAL CLASSIFICATION NUMBER
Classification number 301.151
Item number SHE
100 ## - MAIN ENTRY--AUTHOR NAME
Personal name Sherif, C W
245 #0 - TITLE STATEMENT
Title Social psychology
260 ## - PUBLICATION, DISTRIBUTION, ETC. (IMPRINT)
Place of publication New York
Name of publisher Harper and Row
Year of publication 1969
700 ## - ADDED ENTRY--PERSONAL NAME
Personal name Sherif, M
942 ## - ADDED ENTRY ELEMENTS (KOHA)
Koha item type Books
Holdings
Withdrawn status Lost status Damaged status Not for loan Home library Current library Date acquired Cost, normal purchase price Full call number Accession Number Koha item type
        RRII Library RRII Library 16/12/2021 7.00 301.151 SHE 10192 Books